Kabale University Library Catalogue

Vadim / (Record no. 738)

MARC details
000 -LEADER
fixed length control field 00434nam a2200169 4500
003 - CONTROL NUMBER IDENTIFIER
control field OSt
005 - DATE AND TIME OF LATEST TRANSACTION
control field 20200608141518.0
008 - FIXED-LENGTH DATA ELEMENTS--GENERAL INFORMATION
fixed length control field 200608b ||||| |||| 00| 0 eng d
020 ## - INTERNATIONAL STANDARD BOOK NUMBER
International Standard Book Number 9780099410645
040 ## - CATALOGING SOURCE
Original cataloging agency KABLIB
Transcribing agency KABLIB
Modifying agency KABLIB
082 ## - DEWEY DECIMAL CLASSIFICATION NUMBER
Edition number 23
Classification number 823.914
Item number JAM
100 ## - MAIN ENTRY--PERSONAL NAME
Personal name James, Donald.
9 (RLIN) 2377
245 ## - TITLE STATEMENT
Title Vadim /
Statement of responsibility, etc. Donald James.
260 ## - PUBLICATION, DISTRIBUTION, ETC.
Place of publication, distribution, etc. Londom :
Name of publisher, distributor, etc. Arrow Books;
Date of publication, distribution, etc. c2000.
300 ## - PHYSICAL DESCRIPTION
Extent 502 p. ;
Other physical details 18 cm.
942 ## - ADDED ENTRY ELEMENTS (KOHA)
Source of classification or shelving scheme Dewey Decimal Classification
Koha item type Book
Holdings
Withdrawn status Lost status Source of classification or shelving scheme Damaged status Not for loan Home library Current library Shelving location Date acquired Total Checkouts Full call number Barcode Date last seen Price effective from Koha item type
    Dewey Decimal Classification     Education Library Education Library Open Access Section 08.06.2020   823.914 JAM 4158 08.06.2020 08.06.2020 Book

Kabale University Library | Kabale University P.O Box 317, Kabale, Uganda
Tel : +256754017033, +256774661503 E-mail : library@kab.ac.ug